| 000 | 00680nac a22001691u 4500 | ||
|---|---|---|---|
| 008 | 080917s1982 xxu||||| |||| 00| 0 ara d | ||
| 020 | _a9770200955 | ||
| 082 |
_a329.962 _bش ل ق |
||
| 100 | 1 |
_aالشلق ، أحمد زكريا _9499 |
|
| 245 |
_aحزب الأحرار الدستوريين : _b1922-1953 / _cأحمد زكريا الشلق |
||
| 260 |
_aالقاهرة : _bدار المعارف ، _c1982. |
||
| 300 |
_a547 ص ؛ _c24 سم. |
||
| 490 | 0 |
_920312 _aدراسات في تاريخ الأحزاب المصرية _n2 |
|
| 504 | _aيحتوى على إرجاعات ببليوجرافية. | ||
| 650 |
_aمصر.حزب الاحرار _9497 |
||
| 942 |
_cBB _k329.962 ش ل ق _2ddc |
||
| 999 |
_c8090 _d8090 |
||